000 00593nam a2200253Ia 4500
005 20260330155105.0
008 008 300114s9999 xx 000 0 eng d
020 _a9788126590940
037 _aEBOOK
040 _aCRL
040 _beng
040 _cCRL
041 _2eng
041 _aeng
084 _qCRL
245 0 _aRegression Analysis by Example, 5ed
260 _bWiley
260 _c2020
650 _aMathematics & Statistics
856 _uhttps://ebooks.wileyindia.com/product-details/281992
942 _cEBOOK
999 _c1843822
_d1843822